000 00457nam a2200193 a 4500
001 1773047387906
003 YourLibrary
005 20260309144518.0
008 260309s1995##################000#0#eng##
020 _a9780195095005
082 0 4 _a340.112
_bWEL
100 1 _aWellman, Carl,
_eauthor.
245 1 0 _aReal Rights :
260 _c1995.
300 _a288 pages
650 0 _aLaw.
942 _cENGLISH
040 _aYourLibrary
_beng
_cYourLibrary
999 _c617237
_d617237